000 00637nam a2200193Ia 4500
003 GCL
008 140319s9999 xx 000 0 ara d
040 _aGCL /
_cGCL
082 0 4 _a949.501
_bا ا
100 1 _aابراهيم احمد العدوى
245 1 0 _aالامبراطورية البيزنطية والدولة الاسلامية /
_cابراهيم احمد العدوى
300 _a225 ص
490 _a
650 0 4 _aالفتوحات الاسلامية
650 0 4 _aالتاريخ الاسلامى
650 0 4 _aالعصور الوسطى
650 0 4 _aالامبراطورية البيزنطية
942 _2ddc
_cBK
999 _c45458
_d45458